1517 1317 1234 1638 1634 1228 1754 1396 1109 1733 1097 1607 1067 1067 1420 1377 1990 1239 1353 1412 1700 1470 1496 1180 1062 1800 1134 1778 1639 1643 1299 1997 1715 1513 1112 1054 1566 1265 1389 1667 1359 1612 1874 1694 1234 1572 1357 1823 1805 1139 1260 1729 1717 1888 1440 1558 1021 1291 1560 1408 1322 1327 1550 1751 1485 1271 1083 1572 1995 1908 1014 1233 1636 1932 1510 1989 1320 1512 1466 1224 1152 1696 1497 1036 1729 1926 1409 1780 1684 1240 1051 1026 1545 1242 1801 1961 1963 1189 1926 BCNSPRNW ULIB Ver.6.0+V

เปลี่ยนเป็นภาษาไทย

Change to English
 แสดงรายละเอียดบรรณานุกรม
  กลับหน้าหลัก

Brief Record : Get Marc (ISO 2709) : E-mail record : QR code < ปิดหน้าต่าง
LEADER : 00000nam 2200000uu 4500
001    13399123807
003     ULIB
008    141130s2556||||th 000 0 tha d
020    ^a9786167530529
060  4 ^aWI700^bย415ด
100 0  ^aยุพาพิน ประเสริฐกุล
245 10 ^aดูแลตับ เทคนิคการป้องกันและรักษาโรคไวรัสตับทุกชนิด /^cยุพาพิน ประเสริฐกุล
250    ^aพิมพ์ครั้งที่2
260    ^aกรุงเทพฯ :^bFeel good,^c2556
300    ^a208 หน้า :^bภาพประกอบ
500    ^aชื่อเรื่องจากปกนอก
650  7 ^aตับอักเสบจากไวรัส^xการป้องกันและควบคุม
700 0  ^aสุจินตนา สืบสีสุก,^eบรรณาธิการ
945    ^p160^l0^i037328
945    ^p160^l0^i037329
945    ^p160^l0^i037330
945    ^p160^l0^i037331
999    ^aเกษร โพธิ์สุวรรณ
รายการนี้ยังไม่มีแท็ก
คุณยังไม่ได้ล็อกอิน คุณสามารถมีกิจกรรมร่วมกับเว็บไซต์ได้ แต่ต้องล็อกอินก่อน ::
  ล็อกอิน

รายการสื่อสารสนเทศ

ลำดับที่ ประเภท เลขเรียก/บาร์โค้ด สถานที่ สถานะ
1. วิทยาศาสตร์การแพทย์ และสุขภาพ
หนังสือสำรอง
สถานะ=หนังสือสำรอง
WI700 ย415ด ฉ.1 
  Barcode: 037328
ห้องสมุดวิทยาเขตสวรรค์ประชารักษ์
►ส่วนจัดเก็บหนังสือเก่า สปร
บนชั้น
  ขอยืม
2. วิทยาศาสตร์การแพทย์ และสุขภาพ
วิทยาศาสตร์การแพทย์ และสุขภาพ
WI700 ย415ด ฉ.2 
  Barcode: 037329
ห้องสมุดวิทยาเขตสวรรค์ประชารักษ์
►ส่วนจัดเก็บหนังสือเก่า สปร
บนชั้น
  ขอยืม
3. วิทยาศาสตร์การแพทย์ และสุขภาพ
วิทยาศาสตร์การแพทย์ และสุขภาพ
WI700 ย415ด ฉ.3 
  Barcode: 037330
ห้องสมุดวิทยาเขตสวรรค์ประชารักษ์
►ส่วนจัดเก็บหนังสือเก่า สปร
บนชั้น
  ขอยืม
4. วิทยาศาสตร์การแพทย์ และสุขภาพ
วิทยาศาสตร์การแพทย์ และสุขภาพ
WI700 ย415ด ฉ.4 
  Barcode: 037331
ห้องสมุดวิทยาเขตสวรรค์ประชารักษ์
►ส่วนจัดเก็บหนังสือเก่า สปร
บนชั้น
  ขอยืม

รายการใกล้เคียง
    ผู้แต่ง [ยุพาพิน ประเสริฐกุล]

BibComment


ยังไม่เคยถูกคอมเมนท์

คอมเมนท์ทรัพยากรรายการนี้
  คอมเมนท์: ดูแลตับ เทคนิคกา..


 Copyright 2026. Bcnsprnw @Library